[Event "Memorial I.Stepichev"]
[Site "masterchessopen.com - Kiev (Ukraine)"]
[Date "2006.12.29"]
[Round "3"]
[White "Gordenko Dmitry (UKR)"]
[Black "Pavlov Sergey (UKR)"]
[Result "1-0"]
[WhiteElo "2375"]
[BlackElo "2426"]

1.d4 Nf6 2.c4 e6 3.g3 c5 4.d5 exd5 5.cxd5 d6 6.Nc3 g6 7.Bg2 Bg7 8.Nf3 O-O
9.O-O Nbd7 10.Bf4 Qe7 11.h3 a6 12.a4 Rb8 13.Rb1 h6 14.Qc2 Re8 15.Rfe1 Nh5
16.Bd2 Ne5 17.Nxe5 Qxe5 18.e4 b5 19.axb5 axb5 20.b4 cxb4 21.Rxb4 Bd7 22.f4 Qe7
23.g4 Nf6 24.Qb3 Bxg4 25.hxg4 Nxg4 26.Ne2 h5 27.Bf3 Bf6 28.Bxg4 hxg4 29.Kg2
Rbc8 30.Nd4 Bxd4 31.Rxd4 Kg7 32.Rb4 Qc7 33.Rc1 Qe7 34.Qd3 Rxc1 35.Bxc1 f5
36.Bb2+ Kg8 37.Qc3 Kh7 38.e5 g5 39.e6 gxf4 40.Rxf4 Kg6 41.Rf1 Rf8 42.Qd4 Rc8
43.Kg3 Rc4 44.Qd3 Re4 45.Bc1 Qh7 46.Kg2 b4 47.Rf4 Qh3+ 48.Qxh3 gxh3+ 49.Kxh3
Re1 50.Bb2 b3 51.Rf3 Re4 52.Rxb3 Kg5 53.Kg2 Re1 54.Kf2 {#r} 1-0

[Event "Ch Region"]
[Site "masterchessopen.com - Paranava (Brazil)"]
[Date "2007.01.16"]
[Round "3"]
[White "Goles Giovano (BRA)"]
[Black "Monteiro Artur Fernando (BRA)"]
[Result "0-1"]
[WhiteElo "1938"]
[BlackElo "2107"]

1.c4 Nf6 2.Nc3 g6 3.d4 c5 4.d5 e6 5.Nf3 exd5 6.cxd5 d6 7.g3 Bg7 8.Bg2 O-O
9.O-O Nbd7 10.Nd2 Re8 11.Nc4 Ne5 12.Qb3 Nxc4 13.Qxc4 b5 14.Qd3 b4 15.Nd1 a5
16.Ne3 Ba6 17.Qc2 Nd7 18.Nc4 Nb6 19.Nxb6 Rxe2 20.Qxe2 Bxe2 21.Nxa8 Bxf1
22.Bxf1 Qxa8 23.Bc4 Qe8 24.Bd2 Bxb2 25.Re1 Qa4 {#R} 0-1

[Event "Ch Lithuania (1/2 final)"]
[Site "masterchessopen.com - Vilnius (Lithuania)"]
[Date "2007.02.20"]
[Round "7"]
[White "Mickevicius Juras (LTU)"]
[Black "Liatukas Mikas (LTU)"]
[Result "1-0"]
[WhiteElo "2333"]
[BlackElo "2209"]

1.d4 Nf6 2.c4 c5 3.d5 e6 4.Nc3 exd5 5.cxd5 d6 6.Nf3 g6 7.g3 Bg7 8.Bg2 O-O
9.O-O Nbd7 10.Bf4 Ne8 11.e4 Ndf6 12.Re1 Nh5 13.Bg5 Qc7 14.Rc1 a6 15.a4 Bg4
16.h3 Bxf3 17.Bxf3 Nhf6 18.Bg2 Rb8 19.Be3 b5 20.b4 Nd7 21.f4 cxb4 22.Nxb5 axb5
23.Rxc7 Nxc7 24.a5 Bc3 25.Bd4 Bxe1 26.Qxe1 Na6 27.e5 Rfe8 28.e6 Ndc5 29.f5 b3
30.Qe3 f6 31.fxg6 Rb7 32.Bxf6 Nb4 33.Be4 hxg6 34.Qh6 {#r} 1-0

[Event "Ch Poland (juniors) (under 12)"]
[Site "masterchessopen.com - Ustron (Poland)"]
[Date "2007.03.09"]
[Round "9"]
[White "Tomsia Kamil (POL)"]
[Black "Dragun Kamil (POL)"]
[Result "0-1"]
[WhiteElo "2032"]
[BlackElo "2134"]

1.d4 Nf6 2.c4 g6 3.Nf3 Bg7 4.Nc3 O-O 5.g3 d6 6.Bg2 c5 7.d5 e6 8.O-O exd5
9.cxd5 Nbd7 10.Bf4 Qb6 11.Nd2 Qxb2 12.Na4 Qb5 13.Bxd6 Re8 14.Rb1 Qa6 15.Bxc5
b5 16.Ba3 Qxa4 17.Qxa4 bxa4 18.e4 Ba6 19.Rfe1 Rac8 20.Bb4 Rc2 21.a3 Bf8 22.Nf1
Bxb4 23.Rxb4 Nc5 24.Rd4 Rc3 25.e5 Nfd7 26.f4 Rxa3 27.Bh3 Rd3 28.Bxd7 Nxd7
29.Rxa4 Bb5 30.Rxa7 Rxd5 31.Ne3 Rd2 32.Rb1 Bc6 33.Rc1 Be4 34.Ng4 Bf5 35.Nh6+
Kg7 36.Nxf5+ gxf5 37.Rac7 Nf8 38.R7c2 Red8 39.Kf1 Ne6 40.Ke1 R2d5 41.Kf2 h5
42.Kg2 h4 43.Rf1 Rd2+ 44.Rf2 R2d4 45.Rf1 R8d5 46.Kh3 hxg3 47.hxg3 Kg6 48.Kg2
Nc5 49.Kh3 Rd3 50.Rcf2 Ne4 51.Rf3 R3d4 52.Rb1 Rd8 53.Rb6+ Kg7 54.Rb2 Rd1
55.Kg2 Rc1 56.Re2 Rdd1 57.Kh3 Rc8 58.Kg2 Rh8 59.g4 Rhh1 {#R} 0-1

[Event "It \"]
[Site "masterchessopen.com - Brno (Czech Republic)"]
[Date "2007.07.05"]
[Round "8"]
[White "Kashlinskaya Alina (RUS)"]
[Black "Sikora-Lerch Jan (CZE)"]
[Result "1-0"]
[WhiteElo "2263"]
[BlackElo "2268"]

1.d4 c5 2.d5 Nf6 3.c4 e6 4.Nc3 exd5 5.cxd5 d6 6.g3 g6 7.Bg2 Bg7 8.Nf3 O-O
9.O-O Nbd7 10.Nd2 Rb8 11.a4 a6 12.Nc4 Ne8 13.a5 Ne5 14.Nb6 Nc7 15.Qb3 Bd7
16.h3 Bb5 17.Re1 f5 18.Bd2 Qf6 19.Rab1 Rbd8 20.Qa2 Na8 21.Nxa8 Rxa8 22.b4 c4
23.Rbc1 Rae8 24.f4 Nf7 25.e3 h6 26.Ne2 Rc8 27.Nd4 Nd8 28.Bc3 Qf7 29.e4 fxe4
30.Bxe4 Bd7 31.Kg2 Re8 32.Kh2 Bxd4 33.Bxd4 Bxh3 34.Qc2 Bf5 35.Bxf5 Rxe1
36.Bxc8 Rxc1 37.Qxc1 Qxd5 38.Qe3 Kf7 39.Bg4 Nc6 40.Bc3 Ne7 41.Bf3 Qb5 42.Qd4
d5 43.Qg7+ Ke8 44.Qxh6 Qa4 45.Qh8+ Kf7 46.Qh7+ Ke8 47.Bf6 Qc2+ 48.Bg2 {#r} 1-0

[Event "It (open)"]
[Site "masterchessopen.com - Ostroda (Poland)"]
[Date "2007.08.07"]
[Round "3"]
[White "Jakubowski Krzysztof (POL)"]
[Black "Sikorova Olga (CZE)"]
[Result "1-0"]
[WhiteElo "2458"]
[BlackElo "2269"]

1.d4 Nf6 2.c4 c5 3.d5 e6 4.Nc3 exd5 5.cxd5 d6 6.Nf3 g6 7.g3 Bg7 8.Bg2 O-O
9.O-O Nbd7 10.Nd2 Rb8 11.a4 a6 12.Nc4 Qe7 13.a5 Ne8 14.Qd2 Nc7 15.b3 Nb5
16.Bb2 f5 17.e3 Ne5 18.Ne2 Nc7 19.Rfc1 Bd7 20.Nxe5 Bxe5 21.b4 Bxb2 22.Qxb2 b6
23.Qc2 Bb5 24.axb6 Rxb6 25.bxc5 dxc5 26.Nf4 c4 27.h4 Rc8 28.e4 fxe4 29.Re1 Qf6
30.Rad1 Rd8 31.Rxe4 Rbd6 32.Bh3 Kh8 33.Red4 Qe5 34.Bg2 a5 35.Qc3 Qg7 36.Qxa5
Ra6 37.Qb4 Ba4 38.R1d2 c3 39.Qxc3 Nb5 40.Qc4 Rda8 41.Ne6 Qf6 42.Rf4 Qa1+
43.Kh2 Nd6 44.Qc7 Qe5 45.Qe7 Rg8 46.Rf8 Ra8 47.Rxa8 Rxa8 48.Re2 Nf5 49.Rxe5
Nxe7 50.Nc7 {#r} 1-0

[Event "Cup World (active)"]
[Site "masterchessopen.com - Khanty Mansyisk (Russia)"]
[Date "2007.12.05"]
[Round "4"]
[White "Bareev Evgeny (RUS)"]
[Black "Alekseev Evgeny (RUS)"]
[Result "0-1"]
[WhiteElo "2653"]
[BlackElo "2716"]

{ } 1.d4 Nf6 2.c4 e6 3.g3 c5 4.d5 exd5 5.cxd5 d6 6.Nc3 g6 7.Nf3 Bg7 8.Bg2 O-O
9.O-O Nbd7 10.a4 ( 10.Bf4 Qe7 11.h3 a6 12.a4 Nh5 13.Bg5 f6 14.Bd2 f5 15.Ng5 f4
16.gxf4 Nxf4 17.Bxf4 Rxf4 18.Ne6 Rb4 19.Qc2 Nf6 20.Rfd1 Bxe6 21.dxe6 Qxe6
22.Rd3 Rd8 23.Rad1 Ne8 24.Qd2 Kh8 25.a5 Be5 26.b3 Nc7 27.Ne4 Rd4 28.e3 Rxe4
29.Bxe4 Qxh3 { ...1-0, Nikolic Predrag 2676 - De Firmian Nick E 2550 ,
Qaqortoq 2003 It (open) } ) ( 10.h3 h6 11.a4 a6 12.Rb1 Qc7 13.Bf4 Re8 14.Qc2
Rb8 15.Rfc1 b5 16.axb5 axb5 17.b4 cxb4 18.Rxb4 Nh5 19.Nxb5 Qxc2 20.Rxc2 Nxf4
21.gxf4 Rd8 22.e4 Nf6 23.Bf1 Bd7 24.Nfd4 Nxd5 25.exd5 Bxd4 26.Rxd4 Bxb5 27.f5
Bxf1 28.Kxf1 g5 29.f4 Kg7 { ...1/2-1/2, Khalifman Alexander 2615 - Arnason Jon
L 2540 , Groningen 1990 It } ) 10...a6 11.Nd2 Nh5 12.Nce4 Ndf6 13.Nxf6+ { ?/=
} 13...Qxf6 ( 13...Nxf6 14.Nc4 Re8 15.Bf4 Bf8 16.a5 Nh5 17.Bd2 Bd7 18.Nb6 Rb8
19.e4 Bg7 20.Bc3 Nf6 21.Re1 Bb5 22.f4 Nd7 23.Nxd7 Qxd7 24.e5 Qc7 25.Qd2 Rbd8
26.e6 fxe6 27.dxe6 d5 28.Bxg7 Qxg7 29.Re5 d4 30.Rxc5 Rxe6 31.Bd5 Rxd5 32.Rxd5
Qe7 33.Rxb5 { ...1-0, Tkachiev Vladislav 2615 - Bezold Michael 2490 , Makarska
1997 It (cat.12) } ) ( 13...Bxf6 14.Nc4 Bd4 15.e3 Bg7 16.e4 Re8 17.Bd2 Rb8
18.a5 f5 19.exf5 Bxf5 20.Ra3 Be4 21.Re1 Bxg2 22.Kxg2 Qd7 23.Rae3 Rxe3 24.Rxe3
Bd4 25.Re6 Ng7 26.Rxd6 Qf5 27.Ne3 Qe5 28.Rb6 Rf8 29.f4 Qe7 30.Qf3 Rd8 31.Nc4
Rd7 32.Bc3 Nf5 33.Re6 { ...1-0, Nikolic Predrag 2600 - De Firmian Nick E 2490
, Wijk aan Zee 1986 It (cat.12) } ) 14.Nc4 Rb8 15.Nb6 ( 15.Bd2 Bd7 16.Bc3 Qe7
17.Nb6 f5 18.Bh3 Nf6 19.f3 Be8 20.e4 Nd7 21.Nc4 Bxc3 22.bxc3 Ne5 23.Nxe5 Qxe5
24.exf5 Qxc3 25.fxg6 Bxg6 26.Be6+ Kh8 27.a5 b5 28.axb6 Rxb6 29.Rf2 Rfb8 30.Kg2
Bb1 31.Ra4 Rb2 { 0-1, Birnboim Nathan 2440 - De Firmian Nick E 2475 , Salonika
1984 Olympiad } ) ( 15.a5 Bd7 16.Rb1 b5 17.axb6 Bb5 18.b3 Qe7 19.Bb2 Bxb2
20.Rxb2 Nf6 21.Re1 Nd7 22.b7 Rxb7 23.Na5 Rb6 24.e4 Qf6 25.Rd2 Qc3 26.Nc6 Bxc6
27.dxc6 Ne5 28.Re3 Qa5 29.c7 Rc6 30.f4 Ng4 31.Red3 c4 32.bxc4 Qb6+ 33.Rd4 Rxc4
34.h3 Ne3 { ...0-1, Derieux Christian 2132 - Kovacevic Slobodan 2395 , Massy
1992 It (open) } ) 15...Qd8 ( 15...Re8 { +0.15 CAP } ) 16.a5 { N } ( 16.Qb3
Re8 17.Re1 Nf6 18.Bf4 Nh5 19.Bd2 Nf6 20.Bf4 { 1/2-1/2, Reefschlaeger Helmut Dr
2308 - Kindermann Stefan 2535 , Germany 1984 Bundesliga 1984/85 } ) 16...Bd7
17.Bg5 f6 18.Bd2 f5 19.Rb1 Bb5 20.b4 cxb4 21.Rxb4 Qe7 22.Re1 Rbe8 23.Qb3 Nf6
24.Rxb5 axb5 25.Qxb5 Ne4 26.Bxe4 fxe4 27.Be3 h5 28.Rb1 Kh7 { ?! } ( 28...Rd8 {
!? } 29.Nc4 Rd7 30.Qa4 Qf7 31.Qb4 Rfd8 32.Bf4 Bd4 33.Nxd6 Qxd5 34.Nxb7 Rc8 { }
) 29.Qd7 { ?! } ( 29.Nc4 { !? } 29...Rc8 30.Qb4 Rf7 31.Nxd6 Bf8 32.Nxf7 Qxb4
33.Rxb4 Bxb4 34.a6 bxa6 35.d6 Rb8 { } ) 29...Bh6 30.Bd4 Bg7 31.Bxg7 Kxg7
32.Qxe7+ Rxe7 33.Nc4 Ref7 { ?! } ( 33...Ra8 { !? } 34.Rb3 Kf8 35.Nxd6 Rxa5
36.Nb5 Ra2 37.Nc3 Rc2 38.Kg2 Ke8 39.f4 Rc7 40.Nxe4 { } ) 34.Nxd6 Rxf2 35.Re1
e3 36.Nxb7 h4 37.Nc5 Kh6 38.d6 { ?? } ( 38.gxh4 Kh5 39.Ne6 Kxh4 40.Nxf8 Kh3
41.Rc1 Rg2+ 42.Kh1 Rxh2+ 43.Kg1 Rg2+ 44.Kh1 Rh2+ 45.Kg1 { } ) 38...h3 39.Ne4
Rg2+ 40.Kh1 Rxe2 41.Rd1 Ra2 { -156.50 CAP } {#R} 0-1

[Event "Ch Russia (club)"]
[Site "masterchessopen.com - Sochi (Russia)"]
[Date "2008.04.02"]
[Round "1"]
[White "Avrukh Boris (ISR)"]
[Black "Navara David (CZE)"]
[Result "1-0"]
[WhiteElo "2657"]
[BlackElo "2633"]

{ Avrukh Boris (ISR) +1 =0 -0 Navara David (CZE) +0 =0 -2 } 1.d4 Nf6 2.c4 e6
3.g3 c5 4.d5 exd5 5.cxd5 d6 6.Nc3 g6 7.Bg2 Bg7 8.Nf3 O-O 9.O-O Nbd7 { ?/= }
10.a4 { +0.04 CAP } ( 10.Bf4 Qe7 11.h3 a6 12.a4 Nh5 13.Bg5 f6 14.Bd2 f5 15.Ng5
f4 16.gxf4 Nxf4 17.Bxf4 Rxf4 18.Ne6 Rb4 19.Qc2 Nf6 20.Rfd1 Bxe6 21.dxe6 Qxe6
22.Rd3 Rd8 23.Rad1 Ne8 24.Qd2 Kh8 25.a5 Be5 26.b3 Nc7 27.Ne4 Rd4 28.e3 Rxe4
29.Bxe4 Qxh3 { ...1-0, Nikolic Predrag 2676 - De Firmian Nick E 2550 ,
Qaqortoq 2003 It (open) } ) ( 10.h3 a6 11.a4 Rb8 12.Bf4 Qe7 13.e4 h6 14.Re1 g5
15.Bxd6 Qxd6 16.e5 Qb6 17.exf6 Nxf6 18.Qc2 Ne8 19.a5 Qd8 20.Nd2 Nd6 21.Nce4
Nxe4 22.Nxe4 b6 23.axb6 Qxb6 24.Nxc5 Qxb2 25.Qxb2 Bxb2 26.Rad1 Ba3 27.Ne4 Bb4
28.Re3 Kg7 29.g4 a5 { ...1/2-1/2, Bareev Evgeny 2653 - Alekseev Evgeny 2716 ,
Khanty Mansyisk 4.12.2007 Cup World } ) 10...b6 { N } ( 10...a6 11.Nd2 Nh5
12.Nc4 ( 12.Nce4 Ndf6 13.Nxf6+ Qxf6 14.Nc4 Rb8 15.Nb6 Qd8 16.a5 Bd7 17.Bg5 f6
18.Bd2 f5 19.Rb1 Bb5 20.b4 cxb4 21.Rxb4 Qe7 22.Re1 Rbe8 23.Qb3 Nf6 24.Rxb5
axb5 25.Qxb5 Ne4 26.Bxe4 fxe4 27.Be3 h5 28.Rb1 Kh7 29.Qd7 Bh6 30.Bd4 { ...0-1,
Bareev Evgeny 2653 - Alekseev Evgeny 2716 , Khanty Mansyisk 5.12.2007 Cup
World (active) } ) 12...Ne5 13.Na3 Re8 14.h3 f5 15.Kh2 Rb8 16.e4 fxe4 17.Nxe4
b5 18.axb5 axb5 19.Ng5 Nf6 20.f4 Nf7 21.Re1 Nxg5 22.fxg5 Nd7 23.Bf4 Rxe1
24.Qxe1 Ne5 25.Qe2 c4 26.Nc2 Nd3 27.Ra7 Bf5 28.Ne3 Nxf4 29.gxf4 Qe8 30.Qd2 {
...0-1, Zoler Dan 2455 - Gelfand Boris 2733 , Rishon le Zion 7. 9.2006 Ch
World (blitz) } ) ( 10...Re8 11.Bf4 Bf8 12.Qd2 Ne4 13.Nxe4 Rxe4 14.Ng5 Rb4
15.Qc2 b5 16.Ne6 fxe6 17.dxe6 Nb6 18.a5 Nc4 19.Bd5 Qe7 20.b3 Bb7 21.bxc4 Bxd5
22.cxd5 Bg7 23.Ra3 Rf8 24.Rb1 Rc4 25.Qd2 b4 26.Bg5 Bf6 27.Bxf6 Rxf6 28.Rd3 Rf5
29.Qa2 Re4 30.f3 { ...1-0, Beil Zdenek 2325 - Garrido, Imperia 1996 It (open)
} ) ( 10...Ne8 11.Bg5 Bf6 12.Bf4 Ne5 13.Nxe5 dxe5 14.Be3 b6 15.d6 Rb8 16.Ne4
Bb7 17.d7 Ng7 18.Bh6 Bxe4 19.Bxe4 Qc7 20.Bxg7 Kxg7 21.Qd5 Rbd8 22.Rfd1 Be7
23.a5 bxa5 24.Ra3 f5 25.Bb1 Rf6 26.Rb3 Qd6 27.Qxd6 Rxd6 28.Rxd6 Bxd6 29.Rb7
Kf6 30.Bc2 { ...1-0, Hausner Ivan 2415 - Sikora-Lerch Jan 2382 , Czech
Republic 1999 Extra League 1999/00 } ) 11.Bf4 Qe7 12.Nb5 Ne8 13.Ra3 a6 14.Re3
Qf6 15.Bg5 { ?! } ( 15.Na3 { !? } 15...h6 16.h4 Qxb2 17.Nc4 Qf6 18.Qb3 Rb8 { }
) 15...Qxb2 16.Rb3 Qa2 17.Nc3 Bxc3 18.Rxc3 Ndf6 19.Qc1 Bb7 20.Nd2 Qxa4 21.Nc4
Nd7 22.Ra3 Qb4 23.Bd2 Qb5 24.Bh6 a5 25.Qc2 Ba6 26.Rc3 Ne5 27.Nxe5 dxe5 28.Rb1
Qxe2 29.Qxe2 Bxe2 30.Bxf8 Kxf8 31.Rxb6 a4 32.Ra3 Bc4 33.h4 Ra7 34.d6 Kg7 { ?!
} ( 34...Be6 { !? } 35.Rb8 Bd7 36.Bf1 e4 37.Rb6 Ra8 38.f3 Nf6 39.Bc4 { } )
35.Bf1 Bxf1 36.Kxf1 Rd7 37.Rxa4 Nxd6 38.Rc6 c4 39.Ra5 Kf6 40.Rac5 Kf5 41.f3 h5
42.Kf2 Rd8 43.Ke2 f6 44.Rd5 Ke6 45.Rd1 Rd7 46.g4 Ke7 47.Rd5 Ke6 48.Ra5 Rd8
49.Kd1 Rc8 50.Rxc8 Nxc8 51.Ra8 Nd6 52.Ra6 Kd5 53.Ke2 e4 54.gxh5 exf3+ 55.Kxf3
gxh5 56.Ra5+ Kd4 57.Rxh5 c3 58.Ke2 Ke4 { ? } ( { ? } 58...f5 59.Rh8 f4 60.Rf8
Ke4 61.h5 c2 62.Kd2 f3 63.Kxc2 Nf5 64.Re8+ Kf4 65.Kd2 f2 { } ) 59.Rh7 Kf4
60.Rg7 Ne4 61.Kd3 f5 62.h5 Nf2+ 63.Kxc3 Ng4 64.Kd4 Kf3 65.Rg6 f4 66.h6 Nxh6
67.Rxh6 Ke2 68.Re6+ {#r} 1-0

[Event "Ch Europe"]
[Site "masterchessopen.com - Plovdiv (Bulgaria)"]
[Date "2008.04.29"]
[Round "8"]
[White "Laznicka Viktor (CZE)"]
[Black "Kovacevic Aleksandar (SRB)"]
[Result "1-0"]
[WhiteElo "2591"]
[BlackElo "2581"]

{ Kovacevic Aleksandar (SRB) +1 =2 -0 } 1.d4 Nf6 2.c4 e6 3.g3 c5 4.d5 d6 5.Nc3
exd5 6.cxd5 g6 7.Bg2 Bg7 8.Nf3 O-O 9.O-O Nbd7 10.Nd2 { = } 10...Nh5 ( 10...a6
11.a4 Re8 12.h3 Rb8 13.Nc4 Nb6 14.Na3 Bd7 15.e4 Qc7 16.Rb1 Nxa4 17.Nxa4 b5
18.Nxc5 Qxc5 19.Be3 Qc8 20.Rc1 Qd8 21.Qd3 Rc8 22.Nc2 Qe7 23.Nd4 h6 24.b4 Kh7
25.Nc6 Bxc6 26.Rxc6 Rxc6 27.dxc6 Nxe4 28.Rc1 f5 29.Qa3 Ra8 30.g4 { ...1/2-1/2,
Mikhalevski Victor 2532 - De Firmian Nick E 2567 , Copenhagen 2000 It (open)
"Politiken Cup" } ) ( 10...Re8 11.a4 a6 12.a5 Rb8 13.Nc4 Ne5 14.Nb6 Ned7
15.Nc4 Ne5 16.Nb6 Ned7 17.Nc4 { 1/2-1/2, Nikolic Predrag 2657 - Ivanchuk
Vassily 2719 , Istanbul 2000 Olympiad } ) 11.Nc4 ( 11.a4 f5 12.Nb5 Ne5 13.f4
Ng4 14.Nc4 Bd7 15.Nbxd6 Rb8 16.Ra3 b6 17.h3 Ngf6 18.Kh2 a6 19.e4 Nxe4 20.Nxe4
fxe4 21.Bxe4 Nf6 22.Bg2 Bf5 23.Re1 h5 24.d6 b5 25.axb5 axb5 26.Ne5 b4 27.Ra7
Qb6 28.Nc6 Rbe8 29.Qb3+ Kh7 30.Rxe8 Rxe8 { ...1-0, Glavina Pablo 2405 - De
Firmian Nick E 2545 , Oviedo 1993 It (active) } ) ( 11.Nde4 Ndf6 12.Nd2 b6
13.a4 Ne8 14.Qc2 f5 15.b3 f4 16.Bb2 Bf5 17.Qc1 Nef6 18.Nc4 Bh6 19.Nb5 Be4
20.f3 Bxd5 21.g4 Nxg4 22.fxg4 Bxg2 23.Rf2 Bc6 24.gxh5 d5 25.Ne5 Qg5+ 26.Rg2
Qxg2+ 27.Kxg2 f3+ 28.exf3 Bxc1 29.Rxc1 Bxb5 30.axb5 a6 { ...1-0, Nikolic
Predrag 2584 - Navara David 2646 , Khanty Mansyisk 29.11.2005 Cup World FIDE
(blitz) } ) ( 11.Qc2 f5 12.e3 Qe7 13.a4 a6 14.Nc4 Rb8 15.Rb1 Ne5 16.Nb6 Qc7
17.a5 Nf6 18.Bd2 Ned7 19.Nca4 Nxb6 20.Nxb6 Nd7 21.Na4 Ne5 22.Nb6 Nd7 23.Nc4
Ne5 24.Nxe5 Bxe5 25.b4 Bd7 26.bxc5 Qxc5 27.Qa2 b5 28.Bb4 Qa7 29.Qa3 Rbc8
30.Rfc1 Rc4 { ...1-0, Grabarczyk Miroslaw 2495 - Urban Klaudiusz 2472 ,
Zakopane 2000 Ch Poland (team) } ) 11...Nb6 ( 11...Ne5 12.Nxe5 Bxe5 13.Bh6 Re8
14.Qd2 Rb8 15.a4 a6 16.Rab1 b5 17.axb5 axb5 18.b4 c4 19.e4 f5 20.Rbc1 Qf6
21.Bg5 Qg7 22.Rfe1 Nf6 23.Bh6 Qf7 24.exf5 Bxf5 25.h3 Bd3 26.Bf4 Qd7 27.Bxe5
dxe5 28.Qg5 Qd6 29.Ra1 Re7 30.Ra5 h6 31.Qxh6 { ...1/2-1/2, Akopian Vladimir
2550 - De Firmian Nick E 2560 , Moscow 1990 Cup World (qual) } ) 12.Nxb6 {
-0.07 CAP } 12...Qxb6 13.e4 Bd7 { N } ( 13...Re8 14.h3 Bd7 15.g4 Nf6 16.Qc2
Qa6 17.a4 b5 18.Bf4 b4 19.Nb5 Bxb5 20.axb5 Qxb5 21.Bxd6 c4 22.Ra4 a5 23.Rfa1
Nd7 24.Bc7 Nb6 25.Bxb6 Qxb6 26.Qxc4 Bxb2 27.Rd1 Rac8 28.Qd3 Be5 29.Bf1 b3
30.Qb5 Qxb5 31.Bxb5 b2 32.Bc6 Red8 33.Rb1 { ...0-1, Ilic Zoran 2388 -
Velimirovic Dragoljub 2515 , Herceg Novi 2001 Cup Yugoslavia (team) } ) 14.a4
Qb4 15.h3 Qd4 { ?! } ( 15...Be5 { !? } 16.Qc2 f5 17.Bh6 Rf7 18.exf5 { } )
16.g4 Qxd1 17.Nxd1 Nf6 18.Ne3 { ?! } ( 18.Bf4 { !? } 18...Ne8 19.Ne3 b5
20.axb5 Bxb5 21.Rfd1 Bd4 22.Ra5 a6 23.Ra2 { } ) 18...Rfe8 19.f3 b5 20.axb5
Bxb5 21.Rd1 Nd7 22.Bf1 a6 23.Kg2 Ne5 24.Ra2 Bh6 25.Kg3 Bxf1 26.Nxf1 Bxc1
27.Rxc1 f5 28.exf5 gxf5 29.Rc3 fxg4 30.hxg4 Reb8 31.Ne3 Rb4 32.Nf5 Rb6 33.f4
Nd7 34.g5 Re8 35.Rca3 Nb8 36.Kg4 Re4 37.Re3 Rxe3 38.Nxe3 Rb3 39.Nf5 Kf8
40.Nxd6 Rd3 41.Ne4 Rxd5 42.Nf6 Rd4 43.Nxh7+ Kg7 44.Nf6 Kg6 45.Ra5 Rc4 46.Ra1
Rb4 47.Rh1 Nc6 48.Rh6+ Kg7 49.Nh5+ { } {#r} 1-0

[Event "Ch Bosnia & Herzegovina (team)"]
[Site "masterchessopen.com - Neum (Bosnia & Herzegovina)"]
[Date "2008.06.08"]
[Round "5"]
[White "Ilincic Zlatko (SRB)"]
[Black "Kovacevic Aleksandar (SRB)"]
[Result "1-0"]
[WhiteElo "2542"]
[BlackElo "2581"]

1.d4 e6 2.c4 Nf6 3.Nf3 c5 4.d5 d6 5.Nc3 exd5 6.cxd5 g6 7.g3 Bg7 8.Bg2 O-O
9.O-O Nbd7 10.a4 Re8 11.Bf4 Bf8 12.a5 Ne4 13.Nd2 Nxc3 14.bxc3 g5 15.Be3 Ne5
16.Qb1 f5 17.Nf3 Nxf3+ 18.Bxf3 Qf6 19.Qb5 Re7 20.Bd2 Rb8 21.a6 b6 22.Qc6 Rg7
23.Rfb1 Bd7 24.Rxb6 Bxc6 25.Rxb8 Bd7 26.Rab1 f4 27.Ra8 Bf5 28.Rbb8 fxg3
29.hxg3 Rf7 30.Rb7 Bg6 31.Raxa7 Qd8 32.Bg4 Rxb7 33.Rxb7 Bf7 34.Be6 Bxe6
35.dxe6 Be7 36.a7 {#r} 1-0

[Event "It \"]
[Site "masterchessopen.com - Pawtucket (USA)"]
[Date "2008.08.13"]
[Round "4"]
[White "Arkell Keith C (ENG)"]
[Black "Battaglini Gabriel (FRA)"]
[Result "1-0"]
[WhiteElo "2521"]
[BlackElo "2318"]

1.d4 Nf6 2.Nf3 e6 3.c4 c5 4.d5 d6 5.Nc3 exd5 6.cxd5 g6 7.g3 Bg7 8.Bg2 O-O
9.O-O Nbd7 10.Nd2 Nh5 11.a4 f5 12.e3 Ne5 13.Qc2 g5 14.f4 gxf4 15.exf4 Ng4
16.Nf3 Qf6 17.Nb5 Qh6 18.Re1 Bd7 19.Bd2 Bxb5 20.axb5 Bd4+ 21.Nxd4 cxd4 22.Re6
Rf6 23.h3 Ne3 24.Bxe3 dxe3 25.Rxe3 Rg6 26.Raa3 Kh8 27.Qc3+ Rg7 28.Rxa7 Rg8
29.Rxb7 Nf6 30.Rxg7 Rxg7 31.Re6 {#r} 1-0

[Event "Ch France (team) (nat.1) 2008/09"]
[Site "masterchessopen.com - France"]
[Date "2008.10.19"]
[Round "1"]
[White "Amoyal Pierre (FRA)"]
[Black "Mandon Fabrice (FRA)"]
[Result "0-1"]
[WhiteElo "2161"]
[BlackElo "2219"]

1.d4 Nf6 2.c4 c5 3.d5 e6 4.Nc3 exd5 5.cxd5 d6 6.Nf3 g6 7.g3 Bg7 8.Bg2 O-O
9.O-O Nbd7 10.Bf4 Qe7 11.h3 a6 12.a4 Rb8 13.Qb3 Nh5 14.Bg5 f6 15.Bd2 f5
16.Rae1 Ne5 17.Nxe5 Bxe5 18.e3 b5 19.Ne2 Bd7 20.a5 b4 21.f4 Bg7 22.Bf3 Nf6
23.Kh2 Rfe8 24.Rg1 Ne4 25.Bc1 Rb5 26.Rg2 Rxa5 27.g4 fxg4 28.Bxg4 Bxg4 29.Rxg4
Nf6 30.Rg5 Bh6 31.Rg2 Qe4 32.Rd1 Nh5 33.Rg4 Ra1 34.Rdg1 Nf6 35.Rh4 Bg7 36.Ng3
Qxd5 37.Qxd5+ Nxd5 38.e4 Ne7 39.Rg4 Kh8 40.Ne2 Ng8 41.e5 Nh6 42.Rg5 dxe5 {#R}
0-1

[Event "Ch City (open)"]
[Site "masterchessopen.com - Novosibirsk (Russia)"]
[Date "2009.01.17"]
[Round "2"]
[White "Evstratenko Vasily (RUS)"]
[Black "Krasnov Lev (RUS)"]
[Result "0-1"]
[WhiteElo "1787"]
[BlackElo "1819"]

1.d4 Nf6 2.Nf3 c5 3.d5 d6 4.c4 g6 5.Nc3 Bg7 6.g3 O-O 7.Bg2 e6 8.O-O exd5
9.cxd5 Nbd7 10.Bg5 h6 11.Bf4 Nb6 12.e4 Re8 13.Nd2 a6 14.a4 Nh7 15.a5 g5
16.Bxd6 Qxd6 17.axb6 Qxb6 18.Qb3 Qxb3 19.Nxb3 c4 20.Nd2 Bxc3 21.bxc3 Bd7
22.Rfe1 b5 23.e5 Ra7 24.Ne4 Kg7 25.Nc5 Bc8 26.d6 Nf8 27.Bc6 Rd8 28.Bxb5 Nd7
29.Nxd7 Bxd7 30.Bxc4 Rc8 31.Bxa6 Rca8 32.c4 Rxa6 33.Rxa6 Rxa6 34.c5 Rc6 35.Rc1
Kg6 36.f4 gxf4 37.gxf4 Kf5 38.Rc4 Ke6 39.Kf2 Kd5 40.Rc1 Rxc5 41.Rxc5+ Kxc5
42.Kg3 Kd5 43.h4 Ke4 44.h5 {#R} 0-1

[Event "Czech League 2008/09 (krajsky prebor)"]
[Site "masterchessopen.com - Czech Republic"]
[Date "2009.01.18"]
[Round "6"]
[White "Caletka Radomir (CZE)"]
[Black "Sikora-Lerch Jan (CZE)"]
[Result "1-0"]
[WhiteElo "2215"]
[BlackElo "2216"]

1.d4 c5 2.d5 Nf6 3.c4 e6 4.Nc3 exd5 5.cxd5 d6 6.g3 g6 7.Bg2 Bg7 8.Nf3 O-O
9.O-O Nbd7 10.Bf4 Qe7 11.h3 a6 12.a4 Rb8 13.Qd3 Nh5 14.Bg5 Bf6 15.Bxf6 Qxf6
16.e4 Ne5 17.Nxe5 Qxe5 18.Rfe1 b5 19.axb5 axb5 20.Nxb5 Bd7 21.Na3 Qxb2 22.Nc4
Qf6 23.e5 dxe5 24.Nxe5 Bb5 25.Qc2 Rfe8 26.Ng4 Qd6 27.Qc3 f6 28.Rxe8+ Rxe8
29.Ra5 Rb8 30.Ra7 Bd7 31.Bf3 Bxg4 32.hxg4 Nxg3 33.Kg2 Qb6 34.Ra1 f5 35.fxg3
Qb2+ 36.Qxb2 Rxb2+ 37.Kg1 Rb3 38.Rd1 {#r} 1-0

[Event "It \"]
[Site "masterchessopen.com - Nalchik (Russia)"]
[Date "2009.04.28"]
[Round "12"]
[White "Grischuk Alexander (RUS)"]
[Black "Bacrot Etienne (FRA)"]
[Result "1-0"]
[WhiteElo "2733"]
[BlackElo "2721"]

1.d4 Nf6 2.c4 e6 3.Nf3 c5 4.d5 d6 5.Nc3 exd5 6.cxd5 g6 7.g3 Bg7 8.Bg2 O-O
9.O-O Nbd7 10.h3 a6 11.a4 Rb8 12.Bf4 Ne8 13.Rc1 { N } ( 13.Qd2 b5 14.axb5 axb5
15.Ne4 Qb6 16.Rfe1 b4 17.Qc2 Bb7 18.Qb3 Ndf6 19.Nxf6+ Nxf6 20.e4 Ra8 21.Nd2
Ba6 22.Bf1 Bxf1 23.Rxf1 Qc7 24.g4 Rfe8 25.Qg3 Bf8 26.Qf3 c4 27.Rac1 c3 28.bxc3
Ra3 29.Bg5 Rxc3 30.Rxc3 bxc3 31.Rc1 Nd7 32.Qxc3 Nc5 33.Bf6 Qd7 34.Qf3 Qa4
35.Bb2 Bg7 36.Bxg7 Kxg7 37.Rc4 Qa1+ 38.Kg2 Ra8 39.Nb3 Nxb3 40.Qxb3 Ra3 41.Qb4
Rd3 42.Qxd6 Rd1 43.Qh2 g5 44.h4 h6 45.hxg5 hxg5 46.Rc8 { 1-0, Kaidanov Gregory
S (USA) 2535 - Ermenkov Evgenij (PLE) 2463, Calcutta (India) 1988 } ) 13...b6
14.e4 Ne5 15.Re1 Bd7 16.Bf1 Nxf3+ 17.Qxf3 b5 18.axb5 axb5 19.b4 g5 20.Bd2 c4
21.Qd1 f5 22.exf5 Bxf5 23.Be3 h6 24.Bd4 Bxd4 25.Qxd4 Qf6 26.Qxf6 Nxf6 27.Ra1
Nd7 28.g4 Bd3 29.Re6 Ne5 30.Bg2 Nf3+ 31.Bxf3 Rxf3 32.Re3 Rxe3 33.fxe3 Re8
34.Kf2 Rf8+ 35.Kg3 Re8 36.Kf3 Rf8+ 37.Kg2 Re8 38.Kf2 Rf8+ 39.Kg2 Re8 40.Kf3
Rf8+ 41.Kg3 Re8 42.Re1 Ra8 43.e4 Ra3 44.Nxb5 Rb3 45.Kf2 { DA } 45...Rxb4 { ? }
( 45...c3 46.Nxd6 c2 47.Rc1 Rb1 48.Ke3 { ! } 48...Bxe4 49.Kd2 Bxd5 50.Rxc2
Rxb4 { 2 } ) 46.Nxd6 c3 47.Ke3 c2 48.Kxd3 Rb1 49.Kxc2 Rxe1 50.Kd3 h5 51.Kd4
Kf8 52.Nf5 Rh1 53.e5 Rxh3 54.e6 hxg4 55.d6 Rh1 56.d7 Rd1+ 57.Ke5 {#r} 1-0